<?xml version="1.0" encoding="UTF-8"?>
<record
    xmlns:xsi="http://www.w3.org/2001/XMLSchema-instance"
    xsi:schemaLocation="http://www.loc.gov/MARC21/slim http://www.loc.gov/standards/marcxml/schema/MARC21slim.xsd"
    xmlns="http://www.loc.gov/MARC21/slim">

  <leader>01093    a2200157   4500</leader>
  <controlfield tag="003">OSt</controlfield>
  <controlfield tag="005">20251209150139.0</controlfield>
  <controlfield tag="008">251209b        |||||||| |||| 00| 0 eng d</controlfield>
  <datafield tag="020" ind1=" " ind2=" ">
    <subfield code="a">9788119727100</subfield>
  </datafield>
  <datafield tag="100" ind1=" " ind2=" ">
    <subfield code="a">MacDonald L.</subfield>
    <subfield code="9">215682</subfield>
  </datafield>
  <datafield tag="245" ind1=" " ind2=" ">
    <subfield code="a">You Can Manage Your Time Better</subfield>
  </datafield>
  <datafield tag="260" ind1=" " ind2=" ">
    <subfield code="b">Embassy Books</subfield>
    <subfield code="c">2025</subfield>
    <subfield code="a">USA</subfield>
  </datafield>
  <datafield tag="300" ind1=" " ind2=" ">
    <subfield code="a">156pp</subfield>
  </datafield>
  <datafield tag="520" ind1=" " ind2=" ">
    <subfield code="a">MASTER SIMPLE STRATEGIES TO REDUCESTRESS, BEAT PROCRASTINATION, AND MAKE TIME FOR WHAT TRULY MATTERS

Everyday life often feels like a race against time&#x2014;overloaded to-do lists, overflowing inboxes, and constant pressure. We get so caught up in past regrets and future worries that we forget to enjoy the present. You Can Manage Your Time Better offers practical tools to help you take back control.

Stress and anger management expert Lucy MacDonald shares over 25 step-by-step exercises to defeat procrastination, clarify priorities, de-clutter your life, and find balance. With tailored advice for parents, students, and professionals, this empowering guide helps you reclaim your time&#x2014;and your peace of mind.</subfield>
  </datafield>
  <datafield tag="942" ind1=" " ind2=" ">
    <subfield code="c">BK</subfield>
    <subfield code="2">ddc</subfield>
  </datafield>
  <datafield tag="999" ind1=" " ind2=" ">
    <subfield code="c">369302</subfield>
    <subfield code="d">369302</subfield>
  </datafield>
  <datafield tag="952" ind1=" " ind2=" ">
    <subfield code="0">0</subfield>
    <subfield code="1">0</subfield>
    <subfield code="2">ddc</subfield>
    <subfield code="4">0</subfield>
    <subfield code="7">0</subfield>
    <subfield code="8">MCA</subfield>
    <subfield code="a">001</subfield>
    <subfield code="b">001</subfield>
    <subfield code="d">2025-12-06</subfield>
    <subfield code="e">8</subfield>
    <subfield code="g">221.25</subfield>
    <subfield code="l">3</subfield>
    <subfield code="m">1</subfield>
    <subfield code="p">KBJP-BK-2897</subfield>
    <subfield code="r">2026-03-16 13:16:44</subfield>
    <subfield code="s">2026-02-26</subfield>
    <subfield code="v">295.00</subfield>
    <subfield code="w">2025-12-06</subfield>
    <subfield code="y">BK</subfield>
    <subfield code="z">2897</subfield>
  </datafield>
</record>
